| 000 | 00704nam a2200229Ia 4500 | ||
|---|---|---|---|
| 005 | 20241129105757.0 | ||
| 008 | 241129s9999||||xx |||||||||||||| ||und|| | ||
| 020 | _a978-0-367-49724-8 | ||
| 037 | _aTB | ||
| 040 |
_aARTS _beng _cARTS |
||
| 041 |
_aeng _2eng |
||
| 084 |
_aV1:19(X) R2 _qARTS |
||
| 100 |
_aBarma Nazzneen H. Ed.; Vogel Steven K. Ed. _9724700 |
||
| 245 | 0 |
_aPolitical economy reader: contending perspectives and contemporary debates _cBarma Nazzneen H. Ed.; Vogel Steven K. Ed. |
|
| 250 | _a2nd | ||
| 260 |
_aNew York, USA _bRoutledge _c2022 |
||
| 300 | _axiv,630p. | ||
| 365 |
_aUKP _b38.99 |
||
| 650 | _aHistory | ||
| 942 |
_cTB _hV1:19(X) R2 |
||
| 999 |
_c1225893 _d1225893 |
||